Focus on prehistoric life /

Guardado en:
Autor Principal: Benton, Mickael J.
Otros Autores: Cook, E.
Formato: Libro
Publicado: New York : Shooting Star Press, 1994
Materias:
Etiquetas: Agregar Etiqueta
Sin Etiquetas, Sea el primero en etiquetar este registro!
LEADER 01017nam a22002775a 4500
001 CEM.cems016524
005 20121026161611.0
008 130507s1994##################000#0#####d
003 CEMS
020 |a 1569240620 
082 0 4 |a 428.64 
100 1 |a Benton, Mickael J. 
245 1 0 |a Focus on prehistoric life /  |c M. Benton y E. Cook 
260 |a New York :  |b Shooting Star Press,  |c 1994 
300 |a 32 p. 
505 0 |a Origins of life -- Explosion of life -- The first fishes -- Invasion of the land -- The coal swamps -- The sailbacks -- The greatest extinction -- Dinosaurs -- The flyng reptiles -- The Mesozoic oceans -- Early mammals -- The grasslands -- The origins of humans -- Timescale 
653 |a Origins of life 
653 |a Origen de la vida 
653 |a Dinosaurs 
653 |a Dinosaurios 
653 |a Timescale 
653 |a Eras geológicas 
653 |a Prehistoria-vida 
653 |a Prehistoric life 
700 1 |a Cook, E. 
859 |a CEMS  |b BIB. CEMS - Agricultura  |h 428.64  |i B446  |p A17834.94  |t Ej.1